Alquimia

Guardado en:
Detalles Bibliográficos
Autor principal: Núñez, Guillermo (autor)
Formato: Libro
Lenguaje:español
Publicado: Valparaíso Universidad Católica de Valparaíso 1988
Colección:Colección Traducción de Textos y Textos Originales, 6
Materias:
Etiquetas: Agregar Etiqueta
Sin Etiquetas, Sea el primero en etiquetar este registro!

MARC

LEADER 00000cam a2200000 a 4500
001 UCQ2954
003 CL-VaPUC
008 980731e19880000CL |||||||||||||||||spa|d
082 0 4 |a Ch863  |b NUÑ  |2 21 
100 |a Núñez, Guillermo  |e autor  |9 416988 
245 1 0 |a Alquimia 
300 |a 26 p 
942 |c BK 
945 |d 19980731 00:00:00  |a mvenant 
260 |a Valparaíso  |b Universidad Católica de Valparaíso  |c 1988 
650 0 |a Cuentos chilenos   |9 308280 
583 |a last modification  |c 20151027 03:36:37  |k Rodrigo Vera 
490 0 |a Colección Traducción de Textos y Textos Originales, 6 
999 |c 273652  |d 273650 
952 |0 0  |1 0  |4 0  |6 CH_863_000000000000000_NUÑ_1988  |7 0  |8 A  |9 309434  |a BIBARQ  |b BIBARQ  |d 2019-11-20  |i 3385884  |o Ch863 NUÑ 1988  |p 3385884  |r 2025-01-20  |w 2019-11-20  |y BK  |k ARQ 
952 |0 0  |1 0  |4 0  |6 CH_863_000000000000000_NUÑ_1988  |7 0  |8 A  |9 309435  |a BIBARQ  |b BIBARQ  |d 2019-11-20  |i 3532704  |o Ch863 NUÑ 1988  |p 3532704  |r 2025-01-20  |w 2019-11-20  |y BK  |k ARQ 
952 |0 0  |1 0  |4 0  |6 CH_863_000000000000000_NUÑ_1988  |7 0  |8 A  |9 309436  |a BIBARQ  |b BIBARQ  |d 2019-11-20  |i 3532712  |o Ch863 NUÑ 1988  |p 3532712  |r 2025-01-20  |w 2019-11-20  |y BK  |k ARQ 
952 |0 0  |1 0  |4 0  |6 CH_863_000000000000000_NUÑ_1988  |7 0  |8 A  |9 309437  |a BIBARQ  |b BIBARQ  |d 2019-11-20  |i 3532720  |o Ch863 NUÑ 1988  |p 3532720  |r 2025-01-20  |w 2019-11-20  |y BK  |k ARQ 
952 |0 0  |1 0  |4 0  |6 CH_863_000000000000000_NUÑ_1988  |7 0  |8 A  |9 309438  |a BIBART  |b BIBART  |d 2019-11-20  |i 3748839  |o Ch863 NUÑ 1988  |p 3748839  |r 2025-03-13  |w 2019-11-20  |y BK  |k ART 
952 |0 0  |1 0  |3 erb  |4 0  |6 CH_863_000000000000000_NUÑ_1988  |7 0  |8 ?  |9 309439  |a FDOBUD  |b FDOBUD  |i 5243998  |o Ch863 NUÑ 1988  |p 5243998  |r 2019-11-20  |w 2019-11-20  |y BK  |z Catalogado en:20151029  |k FHP